Normal view
MARC view
Entry Corporate Name
001 - CONTROL NUMBER
- control field: 61949
003 - CONTROL NUMBER IDENTIFIER
- control field: dpl
005 - DATE AND TIME OF LATEST TRANSACTION
- control field: 20240212152119.0
008 - FIXED-LENGTH DATA ELEMENTS
- fixed length control field: 240212|| aca||aabn | a|a d
040 ## - CATALOGING SOURCE
- Original cataloging agency: dpl
- Transcribing agency: dpl
110 ## - HEADING--CORPORATE NAME
- Corporate name or jurisdiction name as entry element: National Institute of Educational Planning and Administration (India)
670 ## - SOURCE DATA FOUND
- Source citation: Work cat.: (dpl)25660: Journal of educational planning and administration, 1986-
